000
00277nam a2200109Ia 4500
008
220120s9999||||xx |||||||||||||| ||und||
100
_a
Srinivas, B.A
_9
11703
245
0
_a
Management and entreprenership
260
_a
Rosha
_b
Delhi
_c
2010
300
_b
0
650
_a
GENERAL BOOKS
999
_c
136920
_d
136920